| 000 | 00450nam a2200169 4500 | ||
|---|---|---|---|
| 999 |
_c533350 _d533350 |
||
| 003 | Nust | ||
| 005 | 20191226131642.0 | ||
| 008 | 170302b xxu||||| |||| 00| 0 eng d | ||
| 038 | _aMSOHAIL | ||
| 040 | _cDLC | ||
| 082 | _a915.4 | ||
| 100 |
_aMuhammad Asad _9322 |
||
| 245 | _aThe Message of Quran Vol 01 - 06 | ||
| 260 |
_aEngland: _cThe Book Foundation _bc2003 |
||
| 300 |
_a159;p. : 321;p, 507;p, 689;p; 871;p; 1164;p; _c25cm |
||
| 942 |
_2ddc _cBK |
||